000 00758nam a2200205Ia 4500
001 17129
003 GE_BSU
008 181216s||||||||xx |||||||||||||| ||und||
040 _cGE_BSU
080 _a821.353.1 + 821.353.1-32
100 _aგაბაშვილი, ეკატერინე (1851-1938)
245 _aრჩეული ნაწერები : 2 ტომად. ტ. 2.
245 _cგ. თავზიშვილის რედ., წინასიტყვ. და შენიშვნებით.
260 _aთბილისი
260 _bსაბჭ. საქართველო
260 _c1960
300 _a459 გვ.23 სმ.
653 _aრჩეული ნაწერები
942 _cBK
999 _c50191
_d50191